Электропривод и преобразовательная техника: межвузовский сборник научных трудов

التفاصيل البيبلوغرافية
مؤلف مشترك: Казахский политехнический институт (КазПТИ)
مؤلفون آخرون: Болотов А. В. (редактор)
اللغة:الروسية
منشور في: Алма-Ата, Изд-во КазПТИ, 1985
الموضوعات:
التنسيق: كتاب
KOHA link:https://koha.lib.tpu.ru/cgi-bin/koha/opac-detail.pl?biblionumber=202376

MARC

LEADER 00000nam0a2200000 4500
001 202376
005 20231031185338.0
035 |a (RuTPU)RU\TPU\book\220533 
090 |a 202376 
100 |a 20111011d1985 k y0rusy50 ca 
101 0 |a rus 
102 |a KZ 
105 |a a z 001zy 
200 1 |a Электропривод и преобразовательная техника  |e межвузовский сборник научных трудов  |f Казахский политехнический институт (КазПТИ) ; под ред. А. В. Болотова 
210 |a Алма-Ата  |c Изд-во КазПТИ  |d 1985 
215 |a 130 с.  |c ил. 
320 |a Библиогр. в конце ст. 
610 1 |a электроприводы 
610 1 |a преобразовательная техника 
610 1 |a автоматизация 
610 1 |a преобразователи вентильные 
610 1 |a сборники 
675 |a 62-83-52  |v 3 
675 |a 621.314  |v 3 
702 1 |a Болотов  |b А. В.  |4 340 
712 0 2 |a Казахский политехнический институт (КазПТИ)  |c (1960-1994)  |c (Алма-Ата)  |2 stltpush  |3 (RuTPU)RU\TPU\col\316 
801 1 |a RU  |b 63413507  |c 20111011 
801 2 |a RU  |b 63413507  |c 20160314  |g RCR 
942 |c BK